Contaminated land guidance replaced (Record no. 72105)

MARC details
000 -LEADER
fixed length control field 00999cam a2200205 4500
001 - CONTROL NUMBER
control field WB3906-06
008 - FIXED-LENGTH DATA ELEMENTS--GENERAL INFORMATION
fixed length control field 030213n2003 000 0 eng u
035 ## - SYSTEM CONTROL NUMBER
System control number (Sirsi) u121337
245 ## - TITLE STATEMENT
Title Contaminated land guidance replaced
260 ## - PUBLICATION, DISTRIBUTION, ETC.
Date of publication, distribution, etc. 2003
490 ## - SERIES STATEMENT
Series statement RICS Environment Faculty News
Volume/sequential designation 10 February 2003 (1)
520 ## - SUMMARY, ETC.
Summary, etc. DEFRA has replaced part of the contaminated land guidance, last updated in 1987, with the new Contaminated Land Exposure Assessment (CLEA) package developed with the Environment Agency to meet the new statutory regime under the Environmental Protection Act 1990 Part IIA. http://www.rics.org/ricscms/bin/show?class=News&template=/includes/shownews.html&id=4829&faculty=Environment&faculty=All Faculties
590 ## - LOCAL NOTE (RLIN)
Local note WB
650 ## - SUBJECT ADDED ENTRY--TOPICAL TERM
Topical term or geographic name entry element CONTAMINATED LAND PROTOCOL
650 ## - SUBJECT ADDED ENTRY--TOPICAL TERM
Topical term or geographic name entry element CONTAMINATED LAND EXPOSURE ASSESSMENT
650 ## - SUBJECT ADDED ENTRY--TOPICAL TERM
Topical term or geographic name entry element RISK ASSESSMENT
650 ## - SUBJECT ADDED ENTRY--TOPICAL TERM
Topical term or geographic name entry element ENVIRONMENTAL PROTECTION ACT 1990 PART IIA
690 ## - LOCAL SUBJECT ADDED ENTRY--TOPICAL TERM (OCLC, RLIN)
Topical term or geographic name as entry element ENVIRONMENTAL AND LAND CONSULTANCY
942 ## - ADDED ENTRY ELEMENTS (KOHA)
Suppress in OPAC 0
Holdings
Withdrawn status Lost status Source of classification or shelving scheme Damaged status Not for loan Home library Current library Shelving location Date acquired Total Checkouts Full call number Barcode Date last seen Copy number Price effective from Koha item type
    Dewey Decimal Classification     London London News article 13/02/2003   WB3906-06 121337-1001 06/08/2019 1 06/08/2019 News article